000
00228nam a22000857a 4500
008
160823b xxu||||| |||| 00| 0 eng d
100
_9
216
_a
Gupta R.G
245
_a
Composite Mathematics-VII
260
_a
New Delhi
_b
APC publication
_c
2010
999
_c
2873
_d
2873